[Event "Ruhrgebiet Verbandsklasse Gruppe 3 1819"]
[Site "Nordrheinwestfalen"]
[Date "2019.03.10"]
[Round "7.3"]
[White "Pennekamp, Manfred"]
[Black "Vleeming, Vincent"]
[Result "1-0"]
[WhiteElo "1815"]
[BlackElo "1866"]
[PlyCount "67"]
[EventDate "2018.09.23"]
[EventType "team-tourn"]
[EventRounds "9"]
[EventCountry "GER"]
[SourceTitle "EXT 2022"]
[Source "ChessBase"]
[SourceDate "2021.10.06"]
[SourceVersion "1"]
[SourceVersionDate "2021.10.06"]
[SourceQuality "1"]
[WhiteTeam "Ruettenscheid Rochade"]
[BlackTeam "Unna SV"]
[WhiteTeamCountry "GER"]
[BlackTeamCountry "GER"]

1. e4 c5 2. Nc3 Nc6 3. g3 g6 4. Bg2 Bg7 5. d3 d6 6. f4 e6 7. Nf3 Nge7 8. 0-0 0-0 9. g4 f5 10. h3 Rb8 11. Ne2 b5 12. Ng3 b4 13. Qe1 Nd4 14. Nxd4 Bxd4+ 15. Kh2 Bg7 16. c3 bxc3 17. bxc3 Ba6 18. Rf3 Kh8 19. Ne2 Qa5 20. exf5 gxf5 21. Bd2 Rb2 22. Re3 Bc8 23. Nc1 Qa4 24. Re2 Ng6 25. Rf2 fxg4 26. Be4 Nxf4 27. hxg4 Be5 28. Kh1 Rb8 29. Ne2 d5 30. Bg2 Bd7 31. Nxf4 Bxf4 32. Bxf4 Rbc8 33. Qe5+ Kg8 34. Qg5+ 1-0